[Event "4NCL Online Division 3"]
[Site "online"]
[Date "2020.09.22"]
[Round "3.42"]
[White "Barker, Luke"]
[Black "Healy, John"]
[Result "0-1"]
[WhiteElo "1848"]
[BlackElo "1889"]
[PlyCount "52"]
[EventDate "2020.09.22"]
[WhiteTeam "Phones Pals"]
[BlackTeam "St Benildus B"]

1. d4 Nf6 2. Bf4 c5 3. dxc5 Na6 4. Nc3 Nxc5 5. e3 g6 6. Nf3 Bg7 7. Bd3 O-O 8.
O-O d6 9. h3 Re8 10. e4 Qb6 11. Rb1 a5 12. Be3 Bd7 13. e5 dxe5 14. Nxe5 Red8
15. Qf3 a4 16. b4 axb3 17. Rxb3 Qe6 18. Bxc5 Qxe5 19. Bb4 Bc6 20. Qd1 Qg5 21.
f3 Nd5 22. Ne4 Qe5 23. Re1 Qd4+ 24. Kh1 Nxb4 25. c3 Qxd3 26. cxb4 Qxd1 0-1

[Event "4NCL Online Division 3"]
[Site "online"]
[Date "2020.09.22"]
[Round "3.43"]
[White "Boland, Dylan"]
[Black "Narang, Vishal"]
[Result "1-0"]
[WhiteElo "1850"]
[BlackElo "1477"]
[PlyCount "57"]
[EventDate "2020.09.22"]
[WhiteTeam "St Benildus B"]
[BlackTeam "Phones Pals"]

1. d4 d5 2. c4 e5 3. cxd5 Qxd5 4. Nf3 e4 5. Nc3 Bb4 6. Ne5 Bxc3+ 7. bxc3 f6 8.
f4 fxe5 9. fxe5 Ne7 10. Ba3 Nbc6 11. e3 O-O 12. Qd2 b5 13. Rb1 a6 14. c4 bxc4
15. Rc1 Kh8 16. Rxc4 Re8 17. Rc5 Qd8 18. Bc4 Na7 19. O-O Ng6 20. Qc2 Nb5 21.
Bb2 Bb7 22. a4 Na7 23. e6 Qe7 24. Rf7 Qh4 25. Qe2 Rac8 26. Rh5 Qd8 27. Rxh7+
Kxh7 28. Qh5+ Kg8 29. Qxg6 1-0

[Event "4NCL Online Division 3"]
[Site "online"]
[Date "2020.09.22"]
[Round "3.44"]
[White "Srivastava, Aditya"]
[Black "Burke, Kevin A."]
[Result "0-1"]
[WhiteElo "654"]
[BlackElo "1883"]
[PlyCount "64"]
[EventDate "2020.09.22"]
[WhiteTeam "Phones Pals"]
[BlackTeam "St Benildus B"]

1. e4 e6 2. d4 d5 3. e5 c5 4. Nf3 cxd4 5. Qxd4 Nc6 6. Bb5 Bd7 7. Bxc6 bxc6 8.
O-O c5 9. Qg4 Ne7 10. Bg5 Bc6 11. Nbd2 Qc7 12. Nb3 Ng6 13. Bf4 Nxf4 14. Qxf4
Be7 15. Ng5 O-O 16. Qg4 Qxe5 17. f4 Qf6 18. Rae1 Bd7 19. Qh3 h6 20. Nf3 Rad8
21. Ne5 Qh4 22. Qc3 c4 23. Nd4 Bc5 24. Rd1 Qe7 25. Kh1 Qd6 26. Ndf3 Qb6 27. a3
Ba4 28. Nh4 Rb8 29. Rb1 Bd4 30. Qd2 c3 31. Qe2 cxb2 32. Qd3 Bb5 0-1

[Event "4NCL Online Division 3"]
[Site "online"]
[Date "2020.09.22"]
[Round "3.51"]
[White "Lockett, Karl"]
[Black "Peacock, Malcolm R"]
[Result "1/2-1/2"]
[WhiteElo "1892"]
[BlackElo "2013"]
[PlyCount "62"]
[EventDate "2020.09.22"]
[WhiteTeam "Crewe AOL"]
[BlackTeam "Preston South End"]

1. Nf3 c5 2. c4 Nc6 3. b3 d6 4. Bb2 e5 5. Nc3 Nge7 6. g3 g6 7. Bg2 Bg7 8. O-O
O-O 9. d3 h6 10. e3 Bg4 11. Qd2 Qd7 12. Rfe1 Kh7 13. d4 exd4 14. exd4 Nxd4 15.
Nxd4 Bxd4 16. Nd5 Nxd5 17. Bxd4 Nb4 18. Bb2 Bf5 19. Be4 Bxe4 20. Rxe4 f5 21.
Re3 Rf7 22. Rae1 d5 23. cxd5 Qxd5 24. Qe2 Nc6 25. Rd1 Nd4 26. Bxd4 cxd4 27. Re7
Raf8 28. Re5 Qd7 29. Qc4 Rc8 30. Qxd4 Qxd4 31. Rxd4 Rc2 1/2-1/2

[Event "4NCL Online Division 3"]
[Site "online"]
[Date "2020.09.22"]
[Round "3.52"]
[White "Thompson, Peter"]
[Black "Gardiner, Harry"]
[Result "1-0"]
[WhiteElo "1847"]
[BlackElo "1847"]
[PlyCount "69"]
[EventDate "2020.09.22"]
[WhiteTeam "Preston South End"]
[BlackTeam "Crewe AOL"]

1. e4 c5 2. Nf3 Nc6 3. d3 g6 4. g3 Bg7 5. Bg2 e6 6. O-O Nge7 7. c3 O-O 8. Re1
d5 9. e5 Qc7 10. d4 cxd4 11. cxd4 b6 12. Nc3 Ba6 13. a3 Na5 14. h4 h5 15. Bg5
Nf5 16. Rc1 Bc4 17. Nd2 Qd7 18. b4 Nc6 19. Nxc4 dxc4 20. b5 Ncxd4 21. Bxa8 Rxa8
22. g4 hxg4 23. Qxg4 Qb7 24. Re4 Bxe5 25. h5 Nd6 26. Rxd4 Bxd4 27. Qxd4 Nf5 28.
Qg4 Qd7 29. Rd1 Qc7 30. hxg6 fxg6 31. Bf6 Qf7 32. Ne4 c3 33. Bxc3 Rc8 34. Qh3
Rxc3 35. Rd8+ 1-0

[Event "4NCL Online Division 3"]
[Site "online"]
[Date "2020.09.22"]
[Round "3.53"]
[White "Hulme, David I"]
[Black "Pennington, Geoffrey"]
[Result "1/2-1/2"]
[WhiteElo "1866"]
[BlackElo "1765"]
[PlyCount "37"]
[EventDate "2020.09.22"]
[WhiteTeam "Crewe AOL"]
[BlackTeam "Preston South End"]

1. e4 c5 2. Nf3 Nc6 3. d4 cxd4 4. Nxd4 Nf6 5. Nc3 e5 6. Nxc6 bxc6 7. Bg5 Be7 8.
Qf3 O-O 9. Be2 Qb6 10. O-O Ba6 11. Be3 Bxe2 12. Nxe2 Qxb2 13. Ng3 Rfe8 14. Nf5
Bf8 15. Qg3 Nxe4 16. Nh6+ Kh8 17. Nxf7+ Kg8 18. Nh6+ Kh8 19. Nf7+ 1/2-1/2

[Event "4NCL Online Division 3"]
[Site "online"]
[Date "2020.09.22"]
[Round "3.54"]
[White "De Santos, Andrew"]
[Black "Layhe, Neville"]
[Result "0-1"]
[WhiteElo "1546"]
[BlackElo "1682"]
[PlyCount "152"]
[EventDate "2020.09.22"]
[WhiteTeam "Preston South End"]
[BlackTeam "Crewe AOL"]

1. d4 d5 2. Nf3 Nf6 3. c3 g6 4. g3 Bg7 5. Bg2 c6 6. O-O O-O 7. Re1 Bf5 8. Nbd2
Ne4 9. Nh4 Qd7 10. Nxf5 Qxf5 11. Nxe4 dxe4 12. Qc2 Nd7 13. Qxe4 Qxe4 14. Bxe4
Nf6 15. Bg2 e6 16. e4 Rad8 17. Bg5 Rd7 18. Rad1 h6 19. Bc1 Rfd8 20. e5 Ng4 21.
h3 Nxe5 22. Bxh6 Bxh6 23. Rxe5 Bg7 24. Re2 e5 25. d5 cxd5 26. Red2 d4 27. c4
Kf8 28. Rd3 f5 29. f3 Rc7 30. b3 Re8 31. Re1 Rce7 32. Rf1 Kg8 33. Rdd1 e4 34.
fxe4 fxe4 35. Rf4 Bh6 36. Rg4 Be3+ 37. Kh2 Kg7 38. h4 d3 39. h5 g5 40. Bf1 Kh6
41. Bxd3 exd3 42. Rxd3 Kxh5 43. Kh3 Bc1 44. Rd5 Re1 45. Rh4+ Kg6 46. Rd6+ Kg7
47. Rd7+ R8e7 48. Rhd4 Kf6 49. R4d6+ R1e6 50. Kg4 Rxd7 51. Rxd7 Re4+ 52. Kf3
Re7 53. Rd6+ Kf7 54. Kg4 b6 55. Rd1 Be3 56. Rd3 a5 57. Rd5 Re6 58. Rf5+ Kg6 59.
Rd5 Bc1 60. Rd1 Be3 61. Rd3 Bc1 62. Rd1 Be3 63. Re1 Kf6 64. Rf1+ Kg6 65. Re1
Re5 66. Kf3 Bd4 67. Rxe5 Bxe5 68. g4 Kf6 69. Ke4 Ke6 70. a3 Bd6 71. a4 Bc5 72.
Kd3 Ke5 73. Ke2 Kf4 74. Kd3 Kxg4 75. Ke4 Kg3 76. Kf5 g4 0-1

[Event "4NCL Online Division 3"]
[Site "online"]
[Date "2020.09.22"]
[Round "3.61"]
[White "Pye, David E"]
[Black "Sandhu, Manvith"]
[Result "1/2-1/2"]
[WhiteElo "2117"]
[BlackElo "1907"]
[PlyCount "58"]
[EventDate "2020.09.22"]
[WhiteTeam "Wessex Some Stars B"]
[BlackTeam "Warwickshire Bears A"]

1. d4 d5 2. Nc3 Nf6 3. Bg5 e6 4. e4 dxe4 5. Nxe4 Be7 6. Bxf6 Bxf6 7. Nf3 O-O 8.
Qd2 Nc6 9. c3 a6 10. Bd3 e5 11. d5 Nb8 12. h3 Bf5 13. g4 Bxe4 14. Bxe4 Nd7 15.
Qc2 h6 16. h4 Nc5 17. g5 Be7 18. gxh6 gxh6 19. Rg1+ Kh8 20. b4 Nxe4 21. Qxe4
Bd6 22. Qf5 Rg8 23. O-O-O Qe7 24. Rde1 Rxg1 25. Rxg1 Rg8 26. Rxg8+ Kxg8 27.
Qg4+ Kf8 28. Nd2 Qd8 29. Ne4 Be7 1/2-1/2

[Event "4NCL Online Division 3"]
[Site "online"]
[Date "2020.09.22"]
[Round "3.62"]
[White "Dicen, Elis Denele"]
[Black "Pleasants, Allan J"]
[Result "0-1"]
[WhiteElo "1810"]
[BlackElo "2110"]
[PlyCount "72"]
[EventDate "2020.09.22"]
[WhiteTeam "Warwickshire Bears A"]
[BlackTeam "Wessex Some Stars B"]

1. e4 g6 2. d4 Bg7 3. Nf3 d6 4. c3 Nf6 5. Bd3 O-O 6. O-O c5 7. Be3 cxd4 8. cxd4
Nc6 9. Nc3 d5 10. e5 Ne8 11. Qd2 f6 12. exf6 exf6 13. b3 Be6 14. Bh6 Rc8 15.
Ne2 Nd6 16. Bxg7 Kxg7 17. Nf4 Bf7 18. Rfe1 Qd7 19. h3 Rfe8 20. Rxe8 Rxe8 21.
Re1 Ne4 22. Qc1 g5 23. Ne2 Bh5 24. Bxe4 dxe4 25. Nh2 Nb4 26. Qd2 Nd3 27. Rd1
Nxf2 28. Rf1 e3 29. Qc2 Rc8 30. Qb2 Nd3 31. Qa1 Bxe2 32. Rb1 Rc2 33. Nf1 Qf5
34. Kh1 Qf2 35. Nh2 Bd1 36. Rxd1 Qxg2# 0-1

[Event "4NCL Online Division 3"]
[Site "online"]
[Date "2020.09.22"]
[Round "3.63"]
[White "Anderson, Peter W"]
[Black "Wong, Tristan"]
[Result "1-0"]
[WhiteElo "2050"]
[BlackElo "1630"]
[PlyCount "51"]
[EventDate "2020.09.22"]
[WhiteTeam "Wessex Some Stars B"]
[BlackTeam "Warwickshire Bears A"]

1. d4 Nf6 2. c4 d6 3. Nc3 Nc6 4. d5 Nb8 5. e4 g6 6. h3 Bg7 7. Nf3 O-O 8. Bd3 c6
9. O-O Nbd7 10. Be3 Nb6 11. Rc1 e5 12. c5 dxc5 13. Bxc5 cxd5 14. Bxf8 dxe4 15.
Bxg7 exf3 16. Bxf6 Qxf6 17. Qxf3 Qxf3 18. gxf3 Bxh3 19. Rfe1 Rd8 20. Rcd1 Rd4
21. Re4 Bf5 22. Rxd4 exd4 23. Nb5 Be6 24. b3 a6 25. Nxd4 Bd5 26. Be4 1-0

[Event "4NCL Online Division 3"]
[Site "online"]
[Date "2020.09.22"]
[Round "3.64"]
[White "Pillay, Shriya"]
[Black "Tunks, Dominic R"]
[Result "0-1"]
[WhiteElo "1502"]
[BlackElo "2012"]
[PlyCount "36"]
[EventDate "2020.09.22"]
[WhiteTeam "Warwickshire Bears A"]
[BlackTeam "Wessex Some Stars B"]

1. d4 d6 2. e4 Nf6 3. Bd3 e5 4. c3 Nc6 5. Ne2 d5 6. Bg5 Be7 7. exd5 Qxd5 8. O-O
exd4 9. Bxf6 Bxf6 10. Nf4 Qd6 11. Re1+ Kf8 12. Nh5 Be5 13. Qe2 Bd7 14. cxd4
Bxh2+ 15. Kh1 Re8 16. Qd2 Rxe1+ 17. Qxe1 g6 18. g3 Qd5+ 0-1

[Event "4NCL Online Division 3"]
[Site "online"]
[Date "2020.09.22"]
[Round "3.81"]
[White "Merriman, James"]
[Black "McCarthy, Maurice"]
[Result "0-1"]
[WhiteElo "2005"]
[BlackElo "1978"]
[PlyCount "26"]
[EventDate "2020.09.22"]
[WhiteTeam "Kent KJCA Kestrels C"]
[BlackTeam "Morriston Alekhine"]

1. d4 Nf6 2. c4 g6 3. Nc3 d5 4. Nf3 Bg7 5. h4 c5 6. dxc5 Qa5 7. cxd5 Nxd5 8. e4
Nxc3 9. bxc3 Qxc3+ 10. Qd2 Qxa1 11. e5 Bg4 12. Bb5+ Nc6 13. Nd4 O-O-O 0-1

[Event "4NCL Online Division 3"]
[Site "online"]
[Date "2020.09.22"]
[Round "3.82"]
[White "Bevan, Peter M"]
[Black "Jamroz, Viktor"]
[Result "1/2-1/2"]
[WhiteElo "1855"]
[BlackElo "1899"]
[PlyCount "52"]
[EventDate "2020.09.22"]
[WhiteTeam "Morriston Alekhine"]
[BlackTeam "Kent KJCA Kestrels C"]

1. d4 Nf6 2. c4 c5 3. d5 e6 4. Nc3 exd5 5. cxd5 d6 6. e4 g6 7. Nf3 Bg7 8. Bb5+
Nbd7 9. e5 dxe5 10. Nxe5 O-O 11. Nxd7 Re8+ 12. Be3 Nxd7 13. O-O a6 14. Bxd7
Qxd7 15. Bxc5 b5 16. Qd2 Bb7 17. Rad1 Rac8 18. Bd4 Bf8 19. Qf4 f5 20. Qh4 Qf7
21. a3 a5 22. Nxb5 Qxd5 23. f3 Be7 24. Qh6 Bf8 25. Qh4 Be7 26. Qh6 Bf8 1/2-1/2

[Event "4NCL Online Division 3"]
[Site "online"]
[Date "2020.09.22"]
[Round "3.83"]
[White "Verma, Shlok"]
[Black "Howells, Chris"]
[Result "1-0"]
[WhiteElo "1945"]
[BlackElo "1767"]
[PlyCount "121"]
[EventDate "2020.09.22"]
[WhiteTeam "Kent KJCA Kestrels C"]
[BlackTeam "Morriston Alekhine"]

1. d4 d6 2. c4 g6 3. Nc3 Nf6 4. e4 Bg7 5. Nge2 O-O 6. Ng3 e5 7. d5 a5 8. Be2
Na6 9. h4 h6 10. Be3 b6 11. Qd2 Kh7 12. O-O-O Ng4 13. Bxg4 Bxg4 14. f3 Bd7 15.
Nge2 f5 16. h5 g5 17. g3 f4 18. gxf4 exf4 19. Bd4 Qe7 20. Qc2 Be5 21. Rdg1 Nc5
22. Qd2 Be8 23. Bxe5 Qxe5 24. Qd4 Nd7 25. Nb5 Rc8 26. Na7 Rb8 27. Nc6 Qg7 28.
Qxg7+ Kxg7 29. Ned4 Kf6 30. Ne6 Rb7 31. Ned8 Nc5 32. Nxb7 Nxb7 33. Nd4 Bd7 34.
Re1 Re8 35. Nf5 Bxf5 36. exf5 Re5 37. Rxe5 dxe5 38. a3 a4 39. Rd1 Kxf5 40. Kc2
g4 41. fxg4+ Kxg4 42. Kd3 Kf5 43. Rg1 Nc5+ 44. Ke2 e4 45. Rg8 Nd3 46. Rc8 f3+
47. Ke3 Nxb2 48. Rf8+ Kg4 49. Kxe4 Nxc4 50. Rf4+ Kxh5 51. Kxf3 Nxa3 52. Rxa4
Nb5 53. Ra8 Kg5 54. Ke4 Kf6 55. Rf8+ Ke7 56. Rh8 Nd6+ 57. Kd4 Nf5+ 58. Ke5 Nd6
59. Rh7+ Nf7+ 60. Kf5 Kf8 61. Kf6 1-0

[Event "4NCL Online Division 3"]
[Site "online"]
[Date "2020.09.22"]
[Round "3.84"]
[White "Marin Marin, Francisco Javier"]
[Black "Soyel, Hamit"]
[Result "0-1"]
[WhiteElo "1787"]
[BlackElo "1870"]
[PlyCount "54"]
[EventDate "2020.09.22"]
[WhiteTeam "Morriston Alekhine"]
[BlackTeam "Kent KJCA Kestrels C"]

1. e4 c5 2. Nf3 Nc6 3. c3 Nf6 4. Bd3 e5 5. O-O Be7 6. Bc2 O-O 7. d4 cxd4 8.
cxd4 d6 9. h3 Bd7 10. Nc3 Rc8 11. Be3 a6 12. Re1 b5 13. a3 exd4 14. Nxd4 Ne5
15. f4 Nc4 16. Bc1 Qb6 17. Kh1 Rfe8 18. e5 dxe5 19. fxe5 Bd6 20. exf6 Rxe1+ 21.
Qxe1 Qxd4 22. fxg7 Re8 23. Qg1 Qxg7 24. Ne4 Bb8 25. Qf2 Bc6 26. Nf6+ Qxf6 27.
Qg1 Qh4 0-1

[Event "4NCL Online Division 3"]
[Site "online"]
[Date "2020.09.22"]
[Round "3.91"]
[White "Khoury, Theo"]
[Black "Davies, Neil"]
[Result "1/2-1/2"]
[WhiteElo "1832"]
[BlackElo "1930"]
[PlyCount "62"]
[EventDate "2020.09.22"]
[WhiteTeam "CSC 4"]
[BlackTeam "Mushrooms 2"]

1. e4 e5 2. Nf3 Nc6 3. d4 exd4 4. Nxd4 Nf6 5. Nxc6 bxc6 6. e5 Qe7 7. Qe2 Nd5 8.
c4 Ba6 9. b3 Qh4 10. a3 Bc5 11. g3 Bxf2+ 12. Qxf2 Qe4+ 13. Kd1 Qxh1 14. Nd2 O-O
15. cxd5 Bxf1 16. Qxf1 Qxf1+ 17. Nxf1 cxd5 18. Bb2 Rab8 19. Kc2 c5 20. Ne3 d4
21. Nc4 f6 22. exf6 Rxf6 23. Rd1 Rf2+ 24. Rd2 Rbf8 25. Ne5 Rxd2+ 26. Kxd2 d6
27. Nd3 Rb8 28. Kc2 Re8 29. Kd2 Rb8 30. Kc2 Re8 31. Kd2 Rb8 1/2-1/2

[Event "4NCL Online Division 3"]
[Site "online"]
[Date "2020.09.22"]
[Round "3.92"]
[White "Hortin, Matthew J"]
[Black "Mason, Ian"]
[Result "1/2-1/2"]
[WhiteElo "1930"]
[BlackElo "1772"]
[PlyCount "97"]
[EventDate "2020.09.22"]
[WhiteTeam "Mushrooms 2"]
[BlackTeam "CSC 4"]

1. c4 Nf6 2. Nc3 e6 3. d4 Bb4 4. e3 O-O 5. Bd3 d5 6. Nf3 c5 7. O-O dxc4 8. Bxc4
cxd4 9. exd4 b6 10. Bg5 Bb7 11. Qe2 Nbd7 12. Ne5 Bxc3 13. bxc3 Rc8 14. Bb5 Nxe5
15. dxe5 Qd5 16. f3 Qc5+ 17. Kh1 Nd5 18. c4 Nc3 19. Qb2 Nxb5 20. cxb5 Qc2 21.
Qxc2 Rxc2 22. Rfc1 Rfc8 23. a4 h6 24. Rxc2 Rxc2 25. Be7 Bd5 26. h3 Bb3 27. a5
Rb2 28. axb6 axb6 29. Bd8 Bd5 30. Bxb6 Rxb5 31. Bc7 Rb2 32. Bd6 h5 33. Rf1 Re2
34. Kh2 f6 35. exf6 gxf6 36. h4 e5 37. Kg3 Rd2 38. Bc5 Rd3 39. Kf2 Rd2+ 40. Kg3
Kf7 41. Ra1 Rd3 42. Ra3 e4 43. Rxd3 exd3 44. Bb4 Kg6 45. Kf4 Bb3 46. g4 Be6 47.
Ke3 hxg4 48. fxg4 Bxg4 49. Kxd3 1/2-1/2

[Event "4NCL Online Division 3"]
[Site "online"]
[Date "2020.09.22"]
[Round "3.93"]
[White "Cooke, Charlie"]
[Black "Rydahl, Johan"]
[Result "0-1"]
[WhiteElo "1771"]
[BlackElo "1922"]
[PlyCount "90"]
[EventDate "2020.09.22"]
[WhiteTeam "CSC 4"]
[BlackTeam "Mushrooms 2"]

1. d4 d5 2. c4 c6 3. e3 Nf6 4. Nf3 Bf5 5. Nc3 e6 6. Be2 Nbd7 7. O-O h6 8. b3
Bd6 9. Bb2 O-O 10. Bd3 Bg4 11. h3 Bh5 12. Be2 Re8 13. Qd2 Bg6 14. cxd5 exd5 15.
Nh4 Ne4 16. Nxe4 Bxe4 17. Nf3 Nf6 18. Ne1 Bf5 19. Bd3 Ne4 20. Qe2 Qf6 21. Bxe4
Bxe4 22. f4 Qg6 23. Rd1 Bf5 24. Kh1 Qe6 25. Bc1 c5 26. Nf3 Be4 27. dxc5 Bxc5
28. Nd4 Qxh3+ 29. Kg1 Qg3 30. Rf2 Rac8 31. Qd2 Bb6 32. Bb2 Re7 33. Rc1 Rec7 34.
Rxc7 Rxc7 35. Bc1 Ba5 36. Qd1 a6 37. Bd2 Bb6 38. Ne2 Qg4 39. Qe1 g5 40. Nc3 Qe6
41. Qe2 Bf5 42. Nd1 g4 43. g3 Re7 44. Qf1 d4 45. Rh2 dxe3 0-1

[Event "4NCL Online Division 3"]
[Site "online"]
[Date "2020.09.22"]
[Round "3.94"]
[White "Nash, Richard J"]
[Black "Usher, Michael E"]
[Result "1-0"]
[WhiteElo "1915"]
[BlackElo "1677"]
[PlyCount "45"]
[EventDate "2020.09.22"]
[WhiteTeam "Mushrooms 2"]
[BlackTeam "CSC 4"]

1. d4 e6 2. Nf3 f5 3. e4 fxe4 4. Ng5 Nf6 5. f3 c5 6. fxe4 cxd4 7. c3 Nc6 8.
cxd4 Bb4+ 9. Nc3 e5 10. a3 Bxc3+ 11. bxc3 h6 12. Nf3 Qe7 13. Bd3 O-O 14. d5 Na5
15. Rb1 b6 16. Qe2 Nb7 17. O-O Nc5 18. Bc2 d6 19. h3 Nh5 20. Kh2 Bd7 21. g3 Qf7
22. Qg2 Bb5 23. Rxb5 1-0

[Event "4NCL Online Division 3"]
[Site "online"]
[Date "2020.09.22"]
[Round "3.101"]
[White "Murphy, Sean J."]
[Black "Chaplin, Peter E"]
[Result "1/2-1/2"]
[WhiteElo "1990"]
[BlackElo "2020"]
[PlyCount "161"]
[EventDate "2020.09.22"]
[WhiteTeam "Cork"]
[BlackTeam "Clevedon"]

1. d4 Nf6 2. Nf3 g6 3. c4 Bg7 4. g3 O-O 5. Bg2 d6 6. O-O Nbd7 7. Nc3 e5 8. e4
exd4 9. Nxd4 Re8 10. h3 Nc5 11. Re1 Bd7 12. b3 Qc8 13. Kh2 Ne6 14. Be3 Nxd4 15.
Bxd4 c5 16. Be3 Ng4+ 17. hxg4 Bxc3 18. f3 Bxe1 19. Qxe1 Bc6 20. Bc1 Qe6 21. Bb2
f6 22. Rd1 Rad8 23. Qc3 Qe5 24. Qc1 Qe7 25. Kg1 Qf8 26. Kf2 Re6 27. Qc2 Qe7 28.
Kg1 Qf8 29. Rf1 Qe7 30. Qc3 b6 31. g5 fxg5 32. Qh8+ Kf7 33. Qxh7+ Ke8 34. Qh6
Kd7 35. Bh3 Kc7 36. Bxe6 Qxe6 37. Qxg5 Rd7 38. Rf2 Rh7 39. Rh2 Rxh2 40. Kxh2
Bd7 41. Qh4 b5 42. cxb5 Bxb5 43. Qh7+ Bd7 44. Qh8 c4 45. bxc4 Qxc4 46. Qc3 Qxc3
47. Bxc3 Be6 48. a3 d5 49. e5 Bf5 50. Bd4 a6 51. Kg2 Kd7 52. Kf2 Ke6 53. Ke3
Bc2 54. Kf4 a5 55. Kg5 a4 56. f4 Bd3 57. g4 Bc2 58. Kh6 Bd3 59. f5+ gxf5 60. g5
f4 61. g6 Bxg6 62. Kxg6 f3 63. Kg5 f2 64. Bxf2 Kxe5 65. Kg4 Ke4 66. Bc5 d4 67.
Bb4 Kd5 68. Kf5 Kc6 69. Ke4 d3 70. Bd2 Kb7 71. Kd4 Kc6 72. Kc4 Kb7 73. Kb4 Ka6
74. Kxa4 Kb7 75. Kb5 Ka7 76. a4 Kb7 77. a5 Ka7 78. a6 Ka8 79. Kb6 Kb8 80. a7+
Ka8 81. Ka6 1/2-1/2

[Event "4NCL Online Division 3"]
[Site "online"]
[Date "2020.09.22"]
[Round "3.102"]
[White "Bellingham, Andy"]
[Black "Lawrence, Simon"]
[Result "0-1"]
[WhiteElo "1810"]
[BlackElo "1772"]
[PlyCount "138"]
[EventDate "2020.09.22"]
[WhiteTeam "Clevedon"]
[BlackTeam "Cork"]

1. e4 c6 2. d4 d5 3. exd5 cxd5 4. Nf3 Nf6 5. h3 e6 6. Bd3 Nbd7 7. c3 Be7 8. Qc2
Qc7 9. Bg5 h6 10. Bh4 Bd6 11. Bxf6 Nxf6 12. Nbd2 Bd7 13. O-O O-O 14. Rae1 b5
15. a3 a5 16. Ne5 Rfc8 17. Nxd7 Qxd7 18. Qb3 Rcb8 19. Rc1 Nh5 20. Qd1 g6 21.
Qf3 Kg7 22. Rfe1 Bf4 23. Rc2 Bxd2 24. Rxd2 Qd6 25. g3 Nf6 26. Kg2 Qb6 27. Ree2
Ra7 28. h4 h5 29. Qf4 Qc7 30. Qxc7 Rxc7 31. f3 b4 32. axb4 axb4 33. cxb4 Rxb4
34. Ba6 Ra7 35. Bd3 Rxd4 36. Bc2 Rxd2 37. Rxd2 Rb7 38. Bd3 Rb4 39. Kf2 Nd7 40.
Rc2 Ne5 41. Be2 Kf6 42. f4 Nd7 43. Ke3 Rb3+ 44. Kf2 Nb6 45. Bf1 Na4 46. Be2
Rxb2 47. Rxb2 Nxb2 48. Bb5 Nc4 49. Kf3 Nd2+ 50. Ke3 Ne4 51. Kf3 Nd6 52. Bd3 Kg7
53. Bc2 f6 54. Bd3 e5 55. fxe5 fxe5 56. Bc2 Kf6 57. g4 hxg4+ 58. Kxg4 Nf5 59.
Bb1 Nh6+ 60. Kf3 e4+ 61. Kf4 Nf5 62. Ba2 e3 63. Kf3 Ke5 64. Bb1 d4 65. Bd3
Nxh4+ 66. Kg4 Nf5 67. Kg5 Ng3 68. Kxg6 e2 69. Bxe2 Nxe2 0-1

[Event "4NCL Online Division 3"]
[Site "online"]
[Date "2020.09.22"]
[Round "3.103"]
[White "Foran, Barry"]
[Black "Chindelevitch, Leonid"]
[Result "1-0"]
[WhiteElo "1605"]
[BlackElo "1810"]
[PlyCount "131"]
[EventDate "2020.09.22"]
[WhiteTeam "Cork"]
[BlackTeam "Clevedon"]

1. d4 f5 2. Bg5 Nf6 3. Bxf6 exf6 4. e3 d5 5. Bd3 Nc6 6. a3 Bd6 7. Ne2 Be6 8.
Nf4 Bxf4 9. exf4 Nxd4 10. O-O Qd6 11. Re1 O-O-O 12. b4 g5 13. c3 Nc6 14. fxg5
Ne5 15. Be2 fxg5 16. Qd4 Kb8 17. Nd2 g4 18. Rad1 Rdg8 19. g3 h5 20. Qf4 h4 21.
Bf1 Nf3+ 22. Nxf3 Qxf4 23. gxf4 gxf3+ 24. Kh1 Rg6 25. Bh3 c6 26. Rd3 Kc7 27.
Rxf3 Kd6 28. Rfe3 d4 29. cxd4 Bd5+ 30. f3 Be6 31. Rg1 Rhg8 32. Rxg6 Rxg6 33.
Re5 Bd5 34. Re3 Re6 35. Rxe6+ Bxe6 36. Bf1 Kd5 37. Kg2 Kxd4 38. Kh3 Ke3 39.
Kxh4 Kxf4 40. Be2 Ke3 41. Bd1 Kd2 42. Ba4 b5 43. Bxb5 cxb5 44. f4 Kc3 45. Kg5
Kb2 46. h4 Kxa3 47. h5 Kxb4 48. h6 Bg8 49. Kg6 a5 50. Kg7 Bh7 51. Kxh7 a4 52.
Kg6 a3 53. h7 a2 54. h8=Q Kb3 55. Qa1 b4 56. Kxf5 Ka3 57. Qc1+ Ka4 58. Qb2 b3
59. Ke6 Kb4 60. f5 Kc4 61. f6 Kd3 62. f7 a1=Q 63. Qxa1 Kc2 64. f8=Q b2 65. Qf2+
Kd3 66. Qaxb2 1-0

[Event "4NCL Online Division 3"]
[Site "online"]
[Date "2020.09.22"]
[Round "3.104"]
[White "Lintern, Jack"]
[Black "Hamilton, Stewart"]
[Result "1-0"]
[WhiteElo "1800"]
[BlackElo "1200"]
[PlyCount "51"]
[EventDate "2020.09.22"]
[WhiteTeam "Clevedon"]
[BlackTeam "Cork"]

1. e4 e5 2. Nf3 d6 3. Nc3 c6 4. Bc4 Be7 5. d4 exd4 6. Nxd4 Bf6 7. O-O a6 8. Bf4
g5 9. Be3 Nd7 10. Nf5 Ne5 11. Nxd6+ Kf8 12. Bb3 Be7 13. Bc5 Qc7 14. Na4 b5 15.
Nb6 Rb8 16. f4 gxf4 17. Rxf4 f6 18. Qd4 Rxb6 19. Nxc8 Bxc5 20. Qxc5+ Kg7 21.
Nxb6 Nh6 22. Raf1 Rf8 23. Nd5 Qb8 24. Nxf6 Rxf6 25. Rxf6 Qc7 26. Qf8# 1-0

[Event "4NCL Online Division 3"]
[Site "online"]
[Date "2020.09.22"]
[Round "3.111"]
[White "Robertson, Mark M"]
[Black "Williams, David"]
[Result "1/2-1/2"]
[WhiteElo "2087"]
[BlackElo "1900"]
[PlyCount "60"]
[EventDate "2020.09.22"]
[WhiteTeam "Catford Cosmonauts 2"]
[BlackTeam "Ashfield Anonymous B"]

1. e4 g6 2. d4 c6 3. Nc3 d5 4. Nf3 Bg4 5. Be3 e6 6. h3 Bxf3 7. Qxf3 Bg7 8.
O-O-O Ne7 9. Kb1 Nd7 10. g4 h5 11. Be2 Qc7 12. Bf4 Qb6 13. gxh5 Bxd4 14. exd5
Nxd5 15. Rxd4 Qxd4 16. Ne4 Rxh5 17. Rd1 Qg7 18. Nd6+ Ke7 19. Qa3 c5 20. Bxh5
Nxf4 21. Bf3 Qe5 22. Nxb7 Rc8 23. b3 Nd5 24. Bxd5 exd5 25. Qa5 Qc7 26. Qxc7
Rxc7 27. Na5 Nb6 28. a3 Kd6 29. Kb2 Re7 30. Rd2 f5 1/2-1/2

[Event "4NCL Online Division 3"]
[Site "online"]
[Date "2020.09.22"]
[Round "3.112"]
[White "Burke, Steven J"]
[Black "Vidruska, Renate"]
[Result "0-1"]
[WhiteElo "1922"]
[BlackElo "1998"]
[PlyCount "54"]
[EventDate "2020.09.22"]
[WhiteTeam "Ashfield Anonymous B"]
[BlackTeam "Catford Cosmonauts 2"]

1. e4 e5 2. f4 exf4 3. Nf3 h6 4. d4 g5 5. Nc3 Bg7 6. g3 d6 7. Bc4 g4 8. Bxf4
gxf3 9. Qxf3 Qd7 10. O-O-O Nc6 11. e5 dxe5 12. dxe5 Qg4 13. Qe3 Be6 14. h3 Qg6
15. Bd3 Bf5 16. Nb5 Rc8 17. e6 Bxd3 18. exf7+ Kxf7 19. Rxd3 Nf6 20. Nxc7 Qe4
21. Qxe4 Nxe4 22. Rd7+ Kg6 23. Ne6 Rhg8 24. Re1 Ng5 25. Rxb7 Rce8 26. Bxg5 hxg5
27. Rc7 Nd4 0-1

[Event "4NCL Online Division 3"]
[Site "online"]
[Date "2020.09.22"]
[Round "3.113"]
[White "Allen, John P"]
[Black "Combie, Alex B"]
[Result "1-0"]
[WhiteElo "1922"]
[BlackElo "1885"]
[PlyCount "139"]
[EventDate "2020.09.22"]
[WhiteTeam "Catford Cosmonauts 2"]
[BlackTeam "Ashfield Anonymous B"]

1. e4 c5 2. c3 Nf6 3. e5 Nd5 4. d4 cxd4 5. cxd4 d6 6. Nf3 Nc6 7. Bc4 Nb6 8. Bb3
dxe5 9. d5 Na5 10. Nc3 Nxb3 11. Qxb3 e6 12. O-O exd5 13. Nxe5 Be7 14. Be3 Be6
15. Qb5+ Kf8 16. Rfd1 Qe8 17. Qxe8+ Rxe8 18. Bxb6 axb6 19. Nxd5 Bc5 20. Nc7 Rc8
21. Nxe6+ fxe6 22. Rd7 Ke8 23. Rxg7 Rf8 24. Rxh7 Bxf2+ 25. Kh1 Bd4 26. Ng6 Rf7
27. Rh4 Bxb2 28. Re1 Rfc7 29. Rhe4 Bc3 30. Rf1 Rc6 31. Rf8+ Kd7 32. Rxc8 Rxc8
33. h4 e5 34. Nxe5+ Bxe5 35. Rxe5 Rc2 36. h5 Rxa2 37. g4 Ra4 38. Rg5 Ke7 39.
Rg7+ Kf6 40. h6 Ra1+ 41. Kg2 Ra2+ 42. Kg3 Ra3+ 43. Kh4 Ra1 44. g5+ Kf5 45. Rf7+
Kg6 46. Rf6+ Kh7 47. Rxb6 Rh1+ 48. Kg4 Rg1+ 49. Kf4 Rf1+ 50. Ke5 Re1+ 51. Kf4
Re7 52. Kg4 Rc7 53. Kh5 Rd7 54. g6+ Kg8 55. Rb5 Rc7 56. Rg5 Rc8 57. Rb5 Rc7 58.
g7 Kh7 59. Rf5 Rc1 60. Rf8 Rh1+ 61. Kg5 Rg1+ 62. Kf6 Rf1+ 63. Ke7 Re1+ 64. Kd7
Rg1 65. Rh8+ Kg6 66. g8=Q+ Kh5 67. Qxg1 b5 68. Re8 b4 69. h7 Kh6 70. h8=Q# 1-0